000 01302nam2a22002411 4500
001 RU\NLR\Per\872110
005 20250617194631.0
035 _a(NLR Aleph) 003114741
090 _a2692433
_c2692433
100 _a20120629d2011 |||y0rusy50 ca
101 0 _arus
102 _aRU
105 _ay ||||000|y
200 0 _aТ. 16, вып. 6, ч. 2
210 _d2011
_aБ. м.
461 0 _1001RU\NLR\INFOCOMM55\5000131865
_12001#$aВестник Тамбовского университета$iСерия "Естественные и технические науки"$eНауч.-теорет. и практ. журн. Тамб. гос. ун-та им. Г.Р. Державина$vТ. 16, вып. 6, ч. 2
_94569020
_aТамбовский государственный университет им. Г. Р. Державина
_cТамбов
_d1996 - 2019
_iСерия "Естественные и технические науки"
_oНауч.-теорет. и практ. журн. Тамб. гос. ун-та им. Г.Р. Державина
_tВестник Тамбовского университета
_x1810-0198
_vТ. 16, вып. 6, ч. 2
801 1 _aRU
_bInfoComm
_c20041202
801 0 _aRU
_bNLR
_gPSBO
852 _aNLR
_jП11/3888
942 _cISSUE
980 _aNB
980 _aRUSPER